| 000 | 00581ntm a22002057a 4500 | ||
|---|---|---|---|
| 005 | 20170827131150.0 | ||
| 008 | 170802s20?? xx a frb 000 0 eng d | ||
| 040 |
_aEG-ScBUE _beng _cEG-ScBUE |
||
| 082 | 0 | 4 |
_222 _a624 _bYAM |
| 100 | 1 | _aAbo Yaman, Mahmoud Adel Mohamed. | |
| 245 | 1 | 0 |
_aDesign-project / _cMahmoud Adel Mohamed Abo Yaman. |
| 260 | _c20?? | ||
| 300 |
_a1 v. : _bill. ; _c28 cm. |
||
| 590 | _anagwa | ||
| 650 | 7 |
_2BUEsh _aCivil Engineering _vProjects |
|
| 653 |
_bENGCIV _cAugust2017 |
||
| 655 | _vProjects - Students | ||
| 777 | _AProjects - Students | ||
| 942 | _2ddc | ||
| 999 |
_c25431 _d25403 |
||